Návrh inovácie výrobného procesu s dopadom na udržateľnú konkurencieschopnosť podniku ORGECO spol. s r. o.

Salvato in:
Dettagli Bibliografici
Autore principale: Habardík, Arnold, 1991- (Autore)
Altri autori: Beňo, Rastislav, 1983- (Relatore della tesi)
Natura: Manoscritto Libro
Lingua:slovacco
Pubblicazione: 2015
Soggetti:
Accesso online:http://is.stuba.sk/zp/portal_zp.pl?podrobnosti=110283
Tags: Aggiungi Tag
Nessun Tag, puoi essere il primo ad aggiungerne!!

MARC

LEADER 00000ntm a22000003a 4500
001 stuzp50088
003 SK-STU
005 20160719153441.0
007 ta
008 150427s2015----xo-----f-mn---000-0-slo-d
040 |a STU  |b slo 
041 0 |a slo 
100 1 |a Habardík, Arnold,  |d 1991-  |u 064000  |4 aut  |U MTF Materiálovotechnologická fakulta  |T MTF Ústav priemyselného inžinierstva a manažmentu  |X 6803  |U M4000  |Y 84  |7 A000006803 
242 0 1 |a Proposal innovation of the production process with an impact on sustainable competitiveness of the company ORGECO Ltd.  |y eng 
245 1 0 |a Návrh inovácie výrobného procesu s dopadom na udržateľnú konkurencieschopnosť podniku ORGECO spol. s r. o. 
260 |c 2015 
650 4 |a inovácie výrobného procesu  |2 slo 
650 4 |a výrobný proces  |2 slo 
650 4 |a udržateľná konkurencieschopnosť  |2 slo 
650 4 |a production process  |2 eng 
650 4 |a sustainable competitiveness  |2 eng 
650 4 |a innovative of the production process  |2 eng 
700 1 |a Beňo, Rastislav,  |d 1983-  |4 ths  |X 34860  |7 A000034860 
856 4 |u http://is.stuba.sk/zp/portal_zp.pl?podrobnosti=110283 
996 |c M* DP-12159  |l MMSKP  |s P  |a 0  |w stuzp50088_0001 
SQL |a stuzp50088  |b DDP  |c SLO  |d Návrh inovácie výrobného procesu s dopadom na udržateľnú konkurencieschopnosť podniku ORGECO spol. s r. o.  |e 6803  |f Habardík, Arnold  |g 064000  |h 34860  |i Beňo, Rastislav  |j 20150602  |k 189  |l 06  |m http://is.stuba.sk/zp/portal_zp.pl?podrobnosti=110283  |n I-PMA  |o 5.2.52. priemyselné inžinierstvo